Delving into the manobo tribes literary pieces and culture / (Record no. 24560)
[ view plain ]
| 000 -LEADER | |
|---|---|
| fixed length control field | 00715nam a22001817a 4500 |
| 005 - DATE AND TIME OF LATEST TRANSACTION | |
| control field | 20260407120458.0 |
| 008 - FIXED-LENGTH DATA ELEMENTS--GENERAL INFORMATION | |
| fixed length control field | 260407b |||||||| |||| 00| 0 eng d |
| 082 ## - DEWEY DECIMAL CLASSIFICATION NUMBER | |
| Edition number | 2024 |
| Classification number | UT |
| 100 ## - MAIN ENTRY--PERSONAL NAME | |
| Personal name | Diansig, Jessabel P. |
| 9 (RLIN) | 70441 |
| 245 ## - TITLE STATEMENT | |
| Title | Delving into the manobo tribes literary pieces and culture / |
| Statement of responsibility, etc. | Jessabel P. Diansig, Gemima M. Quijano, Roshyn Gyll B. Valdez |
| 260 ## - PUBLICATION, DISTRIBUTION, ETC. (IMPRINT) | |
| Place of publication, distribution, etc. | Digos City ; |
| Name of publisher, distributor, etc. | UMDC, |
| Date of publication, distribution, etc. | ©July 2024. |
| 300 ## - PHYSICAL DESCRIPTION | |
| Extent | viii, 53 pages ; |
| Other physical details | illustrations (some colors) ; |
| Dimensions | 29 Cm. |
| 500 ## - GENERAL NOTE | |
| General note | Includes references and appendices. |
| 650 #0 - SUBJECT ADDED ENTRY--TOPICAL TERM | |
| Topical term or geographic name as entry element | Education |
| General subdivision | Undergraduate thesis. |
| 9 (RLIN) | 70442 |
| 700 ## - ADDED ENTRY--PERSONAL NAME | |
| Personal name | Quijano, Gemima M. |
| Relator term | researcher. |
| 9 (RLIN) | 70443 |
| 700 ## - ADDED ENTRY--PERSONAL NAME | |
| Personal name | Valdez, Roshyn Gyll B. |
| Relator term | researcher. |
| 9 (RLIN) | 70444 |
| 942 ## - ADDED ENTRY ELEMENTS (KOHA) | |
| Source of classification or shelving scheme | Dewey Decimal Classification |
| Koha item type | Undergraduate Thesis |
| Withdrawn status | Lost status | Source of classification or shelving scheme | Damaged status | Not for loan | Collection code | Home library | Current library | Date acquired | Total Checkouts | Full call number | Date last seen | Price effective from | Koha item type |
|---|---|---|---|---|---|---|---|---|---|---|---|---|---|
| Dewey Decimal Classification | Undergraduate Theses | UM Digos College - LIC | UM Digos College - LIC | 10/07/2024 | UT | 04/07/2026 | 04/07/2026 | Undergraduate Thesis |
